Ulice w Gdańsku zaczynające się na S - Statystyki

Ogólne statystyki
  • Ten quiz został rozwiązany 8 razy
  • Średni wynik to 18 z 182
Statystyki odpowiedzi
Odpowiedź % Poprawnych
Sienkiewicza
43%
Słowackiego
43%
Smoleńska
43%
Sokola
43%
Sopocka
43%
Sosnowa
43%
Sowia
43%
Szczecińska
43%
Sadowa
29%
Sanocka
29%
Sarnia
29%
Saturna
29%
Schuberta
29%
Schumana
29%
Serbska
29%
Sielska
29%
Sienna
29%
Sierpniowa
29%
Sikorskiego
29%
Słoneczna
29%
Słowiańska
29%
Słowików
29%
Sowińskiego
29%
Sportowa
29%
Staszica
29%
Stogi
29%
Sucha
29%
Suwalska
29%
Szafranowa
29%
Szara
29%
Szkolna
29%
Sambora
14%
Sandomierska
14%
Saneczkarska
14%
Sasankowa
14%
Sąsiedzka
14%
Serdeczna
14%
Sianowska
14%
Siedlicka
14%
Siennicka
14%
Sierpowa
14%
Skarpowa
14%
Skłodowskiej-Curie
14%
Słomiana
14%
Słonecznikowa
14%
Słupska
14%
Służebna
14%
Smęgorzyńska
14%
Smętna
14%
Sobieskiego
14%
Sobieszewska
14%
Sochaczewska
14%
Solec
14%
Sołecka
14%
Sówki
14%
Spichrzowa
14%
Spokojna
14%
Stajenna
14%
Stalowa
14%
Stankiewicza
14%
Starogardzka
14%
Starowiejska
14%
Starowiślna
14%
Steczka
14%
Sternicza
14%
Stężycka
14%
Stokrotki
14%
Stolema
14%
Stolnika
14%
Storczykowa
14%
Straszyńska
14%
Struga
14%
Strzelecka
14%
Subisława
14%
Sukiennicza
14%
Swarzewska
14%
Swojska
14%
Sympatyczna
14%
Szafirowa
14%
Szewska
14%
Szmaragdowa
14%
Szpitalna
14%
Szymanowskiego
14%
Szynszylowa
14%
Szyprów
14%
Salwator
0%
Samsonowicza
0%
Saperów
0%
Satelitarna
0%
Schopenhauera
0%
Secesyjna
0%
Seleny
0%
Sempołowskiej
0%
Sendlerowej
0%
Seredyńskiego
0%
Siedleckiego
0%
Siemiradzkiego
0%
Sienna Grobla
0%
Sierakowicka
0%
Sieroca
0%
Sitowie
0%
Skarżyńskiego
0%
Skiby
0%
Skóry
0%
Skrajna
0%
Słabego
0%
Słodowników
0%
Słoneczna Dolina
0%
Słonimskiego
0%
Smolna
0%
Smoluchowskiego
0%
Smugowa
0%
Snycerzy
0%
Sobolowa
0%
Sobótki
0%
Sołdka
0%
Solikowskiego
0%
Solskiego
0%
Somińska
0%
Soplicy
0%
Sośnickiego
0%
Sosnkowskiego
0%
Spacerowa
0%
Spadochroniarzy
0%
Spadzista
0%
Srebrna
0%
Srebrniki
0%
Stachury
0%
Stągiewna
0%
Stara Stocznia
0%
Stara Twierdza
0%
Stare Domki
0%
Starodworska
0%
Startowa
0%
Stary Dwór
0%
Stary Rynek Oliwski
0%
Stępkarska
0%
Stoczniowców
0%
Stokłosy
0%
Stolarska
0%
Straganiarska
0%
Strajku Dokerów
0%
Strakowskiego
0%
Stroma
0%
Stryjewskiego
0%
Strzelca
0%
Strzelców Karpackich
0%
Styp-Rekowskiego
0%
Suchanka
0%
Sucharskiego
0%
Sudomska
0%
Sulęczyńska
0%
Sulmińska
0%
Sybiraków
0%
Sychty
0%
Sygietyńskiego
0%
Synów Pułku
0%
Syriusza
0%
Syrokomli
0%
Szafarnia
0%
Szafera
0%
Szalupowa
0%
Szarotki
0%
Szczęśliwa
0%
Szczodra
0%
Szczygla
0%
Szczytników
0%
Szermiercza
0%
Szeroka
0%
Szklana Huta
0%
Szklary
0%
Szkocka
0%
Szkutnicza
0%
Szopińskiego
0%
Szopy
0%
Szpaki
0%
Szpora
0%
Sztormowa
0%
Sztutowska
0%
Szuwary
0%
Szybowcowa
0%
Szymbarska
0%
Nie znaleziono quizów pasujących do podanych kryteriów
Rozkład punktacji
Procent ludzi z każdym wynikiem
Percentyl według liczby udzielonych odpowiedzi
Twoja historia wyników
Nie rozwiązałeś tego quizu